000 00603nam a2200241Ia 4500
003 OSt
005 20220924145443.0
006 a|||||r|||| 00| 0
007 ta
008 220923b |||||||| |||| 00| 0 tel d
020 _c12
024 _a328726
037 _cTextual
040 _aARTS
_cARTS
_btel
041 _2tel
_atel
082 _aLB:63, 35J9
100 _aSastry Veeturi Vasudeva
_9219779
245 0 _aVastuguna prakasika
260 _c1959
650 _aMEDICINE
_94387
942 _hLB:63, 35J9
_cTEXL
_2CC
999 _c460137
_d460137